000 00557nam a2200193Ia 4500
005 20260120132152.0
008 008 260114s9999 xx 000 0 eng d
020 _a9780197709306
037 _aEBOOK
040 _aCRL
_beng
_cCRL
041 _aeng
_2eng
084 _qCRL
100 _aCooper
_9935772
245 0 _aXeno: The Promise of Transplanting Animal Organs into Humans
260 _bOxford University PressOxford University Press
_c2023
856 _uhttps://academic.oup.com/book/51014
942 _cEBOOK
999 _c1527695
_d1527695